000 00722nam a2200289Ia 4500
005 20260324120835.0
008 008 260324s9999 xx 000 0 eng d
020 _a9781315813134
037 _aEBOOK
040 _aCRL
040 _beng
040 _cCRL
041 _2eng
041 _aeng
084 _qCRL
100 _aArthur G. Mones
_91160180
245 0 _aTransforming Troubled Children, Teens, and Their Families
245 3 _bAn Internal Family Systems Model for Healing
260 _bTaylor and Francis
260 _c2014
365 _a
365 _b240
856 _uhttp://www.taylorfrancis.com/books/9781315813134
942 _cEBOOK
999 _c1751911
_d1751911